| 000 | 00508nam a22001577a 4500 | ||
|---|---|---|---|
| 020 | _qHard Cover. | ||
| 082 | _a658 | ||
| 100 | _aAmir Raza, Syed | ||
| 245 |
_aRole of SECP Regulations in Effective Functioning of Secondary Capital Markets in Pakistan _cSyed Amair Raza. |
||
| 260 |
_aIslamabad: _bNBS - NUST, _c2013. |
||
| 300 |
_a48 p. : ill. ; _c30cm. |
||
| 650 |
_aMBA Thesis. _917629 |
||
| 700 |
_aMr. Fazli Azeem. _919383 |
||
| 942 |
_2ddc _cTHE |
||
| 999 |
_c527887 _d527887 |
||